000 00698nam a2200241Ia 4500
003 OSt
005 20220927110859.0
006 a|||||r|||| 00| 0
007 ta
008 220926b |||||||| |||| 00| 0 eng d
024 _a92261
037 _cReports
040 _aRTL
_cRTL
_beng
041 _2eng
_aeng
082 _a"X9(D35)p1(X),N64, K5/UN"
111 _aInterregional seminar on the Cement industry (1964 : Denmark)
_9380867
245 0 _aReport.
260 _aNew
_bYork United Nations U. S. A.
_c1965
300 _a"iv, 134p. Bibliography p.131-34"
_ccm.
650 _aCement Industry
942 _h"X9(D35)p1(X),N64, K5/UN"
_cCC
999 _c698314
_d698314